000 00298nam a22001337a 4500
008 170222b xxu||||| |||| 00| 0 eng d
020 _a093138611
041 _aeng
080 _a515 31
100 _a4
101 _aSHS
245 _aTHE SCIENCE ART DENTAL CERAMICS
_cMCLEAN .J.W
942 _2udc
_cBK
999 _c6052
_d6052